LEADER 01217nam 2200325z- 450 001 9910693942003321 005 20161209104920.0 035 $a(CKB)5860000000020283 035 $a(BIP)013245783 035 $a(EXLCZ)995860000000020283 100 $a20220406c2005uuuu -u- - 101 0 $aeng 200 10$aCurrent and projected national security threats to the United States $ehearing before the Select Committee on Intelligence, United States Senate, One Hundred Ninth Congress, first session, February 16, 2005 215 $a1 online resource (iii, 95 p.) 311 $a0-16-072691-3 517 $aCurrent and projected national security threats to the United States 606 $aNational security$zUnited States 606 $aTerrorism$zUnited States$xPrevention 606 $aIntelligence service$zUnited States 610 $aNational security 610 $aTerrorism 610 $aIntelligence service 610 $aPolitical science 615 0$aNational security 615 0$aTerrorism$xPrevention. 615 0$aIntelligence service 906 $aBOOK 912 $a9910693942003321 996 $aCurrent and projected national security threats to the United States$93187311 997 $aUNINA